| 000 | 00602nam a2200193 i 4500 | ||
|---|---|---|---|
| 001 | 105564 | ||
| 003 | ES-MaACL | ||
| 005 | 20230906183926.0 | ||
| 007 | t| | ||
| 008 | 060725s1947 fr ||||1| fre d | ||
| 080 | _a248.2 | ||
| 100 | 1 |
_aFélice, Philippe de. _949156 |
|
| 245 | 1 | 0 |
_aFoules en délire extases collectives _b: essai sur quelques formes inférieures de la mystique / _cPhilippe de Félice. |
| 260 |
_aParis : _bAlbin Michel, _c[1947] |
||
| 300 |
_a401 p. ; _c21 cm. |
||
| 500 | _aBiblioteca Juan Andrade. | ||
| 650 |
_aMisticismo. _915086 |
||
| 852 |
_aES-MaACL _jAND-374 _bR.109678 |
||
| 999 |
_c105564 _d105564 |
||